La neurosis y el desarrollo humano: la lucha por la autorrealización

-д хадгалсан:
Номзүйн дэлгэрэнгүй
Үндсэн зохиолч: Horney, Karen (Зохиогч)
Формат: Ном
Хэл сонгох:испани
Хэвлэсэн: Buenos Aires Psique 1955
Нөхцлүүд:
Шошгууд: Шошго нэмэх
Шошго байхгүй, Энэхүү баримтыг шошголох эхний хүн болох!

MARC

LEADER 00000nam a2200000 a 4500
001 UCX6974
003 CL-VaPUC
008 930906e19550000AG |||||||||||||||||spa|d
082 0 4 |a 157.3  |b HOR  |2 21 
100 |a Horney, Karen  |e author  |9 336288 
245 1 3 |a La neurosis y el desarrollo humano: la lucha por la autorrealización 
300 |a 387 p 
942 |c BK 
945 |d 19930906 00:00:00 
260 |a Buenos Aires  |b Psique  |c 1955 
650 0 |a Neurosis  |9 312889 
650 0 |a Autorrealización   |9 309565 
583 |a last modification  |c 19930906 00:00:00  |k Rodrigo Vera 
999 |c 226903  |d 226901 
952 |0 0  |1 0  |4 0  |6 157_300000000000000_HOR_1955  |7 0  |8 A  |9 225558  |a BIBHIS  |b BIBHIS  |d 2019-11-15  |i 2942380  |o 157.3 HOR 1955  |p 2942380  |r 2025-01-20  |w 2019-11-15  |y BK  |k HIS